000 00501ntaaa2200205 4500
003 01
005 20251027202730.0
008 0714s1973 ag 01
020 _a8427705204
040 _aAR-BaBN
_bspa
_cAR-BaBN
_eaacr
_dRIC
082 _a649.10243 Sa7n
100 _aBandet, Jeanne
_927224
245 _aEl niƱo y sus juguetes
250 _a1 ed.
260 _aMadrid :
_bNarcea,
_c1982
300 _a160 p ;
_cilu.
650 _ajuguetes
_925740
700 _aSarazanas, R
_927225
942 _cBK
999 _c22550
_d22550